Film musical con maggiori incassi nella storia del cinema - Statistics

Statistiche generali
  • Questo quiz è stato fatto 87 volte
  • Il punteggio medio è 3 su 15
Statistiche sulle risposte
Incasso ($) Anno di uscita del film Film % Corretto
609 881 238 2008 Mamma mia!
62%
1 050 696 853 2019 Aladdin
39%
504 050 219 1992 Aladdin
39%
1 656 943 394 2019 Il re leone
28%
968 483 777 1994 Il re leone
28%
1 290 000 000 2013 Frozen
27%
1 450 026 933 2019 Frozen II - Il segreto di Arendelle
27%
1 050 693 953 2017 La Bella e la Bestia
25%
903 655 259 2018 Bohemian Rhapsody
14%
569 626 289 2023 La sirenetta
14%
591 734 936 2010 Rapunzel - L'intreccio della torre
13%
634 151 679 2016 Sing
10%
643 331 111 2016 Oceania
8%
966 550 600 2016 Il libro della giungla
1%
500 101 972 2014 Rio 2
1%
Nessun quiz corrispondente trovato
Distribuzione punteggi
Percentuale di utenti per punteggio
Percentile per numero di risposta
I tuoi punteggi nel tempo
Non hai fatto questo quiz